| 000 | 006900000a22002290004500 | ||
|---|---|---|---|
| 003 | LK-CoMWRAF | ||
| 005 | 20231109105344.0 | ||
| 008 | 230817t1974 ||||| |||| 00| 0 eng d | ||
| 040 |
_aLK-CoMWRAF _dLK-CoMWRAF _eLK-CoMWRAF |
||
| 041 | _aeng | ||
| 082 |
_a937 _bDAL |
||
| 100 | _aDal Maso, Leonardo B. | ||
| 242 | _aRoma dei Cesari | ||
| 245 | _aRome of the Caesars | ||
| 260 |
_aFirenze: _bBonechi-Edizioni _c1974 |
||
| 300 |
_a126 p. : ill. ; 28 cm. _bBibliography and index included |
||
| 490 |
_aItalia artistica, new series. _v8 |
||
| 650 | _aROME(ITALY)-Description and travel | ||
| 650 | _aRome (Italy)--Antiquities | ||
| 700 |
_aHollingworth, Michael _etrans. |
||
| 942 | _cBK | ||
| 999 |
_c2017 _d2017 |
||